Culture générale : le Maroc - QCM - Statistiques

Statistiques générales
  • Ce quiz a été pris 4 359 fois
    4 325 depuis la dernière actualisation
  • Le résultat moyen est 16 sur 20
Statistiques - réponses
Question Réponse % Correct
Continent ? Afrique
99%
Monnaie ? Dirhams
98%
Capitale ? Rabat
98%
Drapeau ? 🇲🇦
97%
La mosquée... Hassan II
89%
// Djellaba
88%
Roi actuel ? Mohammed VI
88%
// Poterie tajine
88%
// Service à thé
88%
// Babouches
87%
Ville la plus peuplée ? Casablanca
87%
Maison prononciation arabe ? Darr
85%
Nom officiel ? Royaume du Maroc
85%
Voiture prononciation arabe ? Tomobil
82%
Oui prononciation arabe ? Ah
79%
// Épices
67%
// Savon
54%
Langue(s) officielle(s) Arabe darija et amazighe
53%
Tipique du Maroc ? Hanbel
45%
Etoile verte depuis quand ? 1915
33%
Aucun quiz correspondant
Distribution des résultats
% des personnes avec chaque résultat
Percentile par nombre de réponses
Votre historique - résultats
Vous n’avez pas pris ce quiz depuis la dernière actualisation